| 000 | 00942nmc a2200301 a 4500 | ||
|---|---|---|---|
| 003 | AR-BaBNM | ||
| 005 | 20251128205403.0 | ||
| 008 | 267019s1995 ||||||||||||||000 | spa|| | ||
| 020 | _a950-03-8372-1 | ||
| 040 | _cAR-BaBNM | ||
| 100 | 1 | _aGómes Da Costa, Antonio Carlos | |
| 245 | 1 | 0 |
_aPedagogía de la presencia _bintroducción al trabajo socioeducativo junto a adolescentes en dificultades |
| 250 | _a1ª ed. | ||
| 260 |
_aBuenos Aires _bLosada _bUnicef _bOrealc _c1995 |
||
| 300 | _a165 p. | ||
| 490 | 0 | _aBiblioteca pedagógica | |
| 500 | _aOREALC: OFICINA REGIONAL PARA AMERICA LATINA Y EL CARIBE | ||
| 504 | _aBibliografía: p. 159 | ||
| 650 | 4 | _aADOLESCENCIA | |
| 650 | 4 | _aOBJETIVOS EDUCACIONALES | |
| 650 | 4 | _aRELACION ALUMNO-DOCENTE | |
| 650 | 4 | _aPSICOLOGOS ESCOLARES | |
| 650 | 4 | _aPEDAGOGIA | |
| 653 | _aORIENTACION EDUCATIVA | ||
| 700 | 1 |
_aGarcía Méndez, Emilio _eprologuista |
|
| 942 | _cBK | ||
| 998 | _cSILVI | ||
| 999 |
_c11206 _d11206 |
||